| 000 | 00587nam a2200241Ia 4500 | ||
|---|---|---|---|
| 008 | 160803s9999 xx 000 0 und d | ||
| 020 | _a9780545260282 | ||
| 100 | _aKehret, Peg | ||
| 245 | _aAbduction! / | ||
| 245 | _cPeg Kehret. | ||
| 260 | _aNew York : | ||
| 260 | _bScholastic Inc. | ||
| 260 | _c2004 | ||
| 300 | _a215 pages ; | ||
| 300 | _c20 cm | ||
| 650 | _aBrothers and sisters -- | ||
| 650 | _aFathers and sons -- | ||
| 650 | _aKidnapping -- | ||
| 650 | _xJuvenile fiction. | ||
| 650 | _xJuvenile fiction. | ||
| 650 | _xJuvenile fiction. | ||
| 700 | _a760 | ||
| 999 |
_c299926 _d299926 |
||